Art hand-book, sculpture, architecture, painting; (Record no. 37569)

MARC details
000 -LEADER
fixed length control field 00670cam a22001697 4500
001 - CONTROL NUMBER
control field ltf91040659
003 - CONTROL NUMBER IDENTIFIER
control field DLC
005 - DATE AND TIME OF LATEST TRANSACTION
control field 20260227111553.0
008 - FIXED-LENGTH DATA ELEMENTS--GENERAL INFORMATION
fixed length control field 910416s1901 nyu 000 0 eng
010 ## - LIBRARY OF CONGRESS CONTROL NUMBER
LC control number ltf91040659
040 ## - CATALOGING SOURCE
Original cataloging agency DLC
Transcribing agency DLC
Modifying agency DLC
050 00 - LIBRARY OF CONGRESS CALL NUMBER
Classification number 4N 790
111 2# - MAIN ENTRY--MEETING NAME
Meeting name or jurisdiction name as entry element Pan-American Exposition
Date of meeting or treaty signing (1901 :
Location of meeting Buffalo, N.Y.)
245 10 - TITLE STATEMENT
Title Art hand-book, sculpture, architecture, painting;
Remainder of title official handbook of architecture and sculpture and art catalogue to the Pan-American Exposition with maps and illus. by permission of C.D. Arnold, Buffalo, New York, May first to November first, M. CM. & I.
260 ## - PUBLICATION, DISTRIBUTION, ETC.
Place of publication, distribution, etc. Buffalo, N.Y.,
Name of publisher, distributor, etc. D. Gray,
Date of publication, distribution, etc. 1901.
300 ## - PHYSICAL DESCRIPTION
Extent 95 p.

No items available.

Powered by Koha